| 000 | 00808nab a2200193 4500 | ||
|---|---|---|---|
| 001 | 244442 | ||
| 003 | OSt | ||
| 005 | 20231219124515.0 | ||
| 007 | tu | ||
| 008 | 200917s2020||||||| | ||
| 040 |
_aDE-2950 _cDE-2950 |
||
| 245 | 0 | 0 |
_aWas die neue Wicher-Chefin mi der Diakonie plant _bInterview. Bei Wichern in Frankfurt wurde in diesem Jahr nicht nur 120-jähriges Bestehen gefeiert, die Diakonie bekam auch eine neue Chefin. Seit vier Monaten ist Gabriele Floßmann jetzt Vorstandsvorsitzende. Ein Gespräch über ihre ersten Wochen an der Oder, den Osten und Glauben/ _cLisa Mahlke |
| 264 | _c2023 | ||
| 653 | _aFrankfurt (Oder) | ||
| 653 | _aWichern- Diakonie | ||
| 653 | _aGabriele Floßmann | ||
| 773 | 0 |
_g34. Jahrgang (2023) Nr. 287 vom 9.12.2023, S. 20, mit Foto _tMärkische Oderzeitung |
|
| 942 |
_2z _cA |
||
| 999 |
_c372873 _d372873 |
||